Box Office 2024 - Statistiques

Statistiques générales
  • Ce quiz a été pris 32 fois
  • Le résultat moyen est 4 sur 10
Statistiques - réponses
Film % Correct
1 Vice-Versa 2
69%
2 Deadpool & Wolverine
59%
5 Dune partie 2
48%
6 Wicked
48%
3 Moi, moche et méchant 4
41%
4 Vaiana 2
38%
10 Beetlejuice Beetlejuice
24%
9 Venom 3
24%
7 Godzilla X Kong
17%
8 Kung Fu Panda 4
14%
Aucun quiz correspondant
Distribution des résultats
% des personnes avec chaque résultat
Percentile par nombre de réponses
Votre historique - résultats
Vous n’avez pas pris ce quiz